| 000 | 01157nam a2200253 a 4500 | ||
|---|---|---|---|
| 003 | MX-MxUPN | ||
| 005 | 20240112063607.0 | ||
| 007 | cr | ||
| 008 | 240111t2020 cl |||||o|||| 000 0 spa d | ||
| 040 |
_aMX-MxUPN _bspa _cMX-MxUPN _eaacr2 |
||
| 041 | 0 | _aspa | |
| 050 | 1 | 4 | _aLC5255 A44 |
| 245 | 0 | 0 |
_aEducación no formal, desarrollo sostenible y la agenda de educación 2030 : _bestudio de prácticas de la sociedad civil en América Latina y el Caribe _h[recurso electrónico en línea] |
| 260 |
_aSantiago de Chile : _bOrganización de las Naciones Unidas para la Educación, la Ciencia y la Cultura, _c2020 |
||
| 300 |
_a1 recurso en línea (97 páginas) : _bPDF |
||
| 506 | 0 | _aAcceso abierto. | |
| 650 | 4 |
_aEducación no formal _zAmérica Latina _916982 |
|
| 650 | 4 |
_aEducación ambiental _zAmérica Latina _914329 |
|
| 650 | 4 |
_aPaz _xEstudio y enseñanza _zAmérica Latina _917597 |
|
| 650 | 4 |
_aDerechos humanos _xEstudio y enseñanza _zAmérica Latina _950798 |
|
| 856 | 4 | 0 | _uhttps://unesdoc.unesco.org/ark:/48223/pf0000375308?posInSet=10&queryId=N-EXPLORE-9c22345c-4b07-4aad-9fdf-b72b63902c5e |
| 902 | _aVíctor Ruiz/110124 | ||
| 942 |
_2lcc _cLIBRO-E |
||
| 999 |
_c210746 _d210746 |
||